[Event "Kvalifikacije za Sampionat 2015"]
[Site "Kragujevac"]
[Date "2015.03.13"]
[Round "7.2"]
[White "Antic, Dejan"]
[Black "Zajic, Milan"]
[Result "1/2-1/2"]
[WhiteElo "2457"]
[BlackElo "2475"]
[PlyCount "41"]
[EventDate "2015.03.09"]

1. d4 Nf6 2. c4 e6 3. Nf3 b6 4. g3 Ba6 5. b3 Bb4+ 6. Bd2 Be7 7. Nc3 d5 8. cxd5
exd5 9. Bg2 O-O 10. O-O c6 11. Ne5 Bb7 12. Nd3 Na6 13. a3 c5 14. dxc5 bxc5 15.
Rc1 Ne4 16. Nxe4 dxe4 17. Nb2 Qd5 18. Qc2 Qe6 19. Nc4 Rac8 20. Bc3 Nc7 21. Bb2
1/2-1/2

[Event "Kvalifikacije za Sampionat 2015"]
[Site "Kragujevac"]
[Date "2015.03.13"]
[Round "7.3"]
[White "Ratkovic, Milovan"]
[Black "Milanovic, Danilo"]
[Result "1-0"]
[WhiteElo "2364"]
[BlackElo "2471"]
[PlyCount "106"]
[EventDate "2015.03.09"]

1. d4 Nf6 2. c4 c5 3. d5 b5 4. cxb5 a6 5. Nc3 d6 6. e4 g6 7. Nf3 Bg7 8. a4 O-O
9. h3 Nbd7 10. Ra3 axb5 11. Bxb5 Ne8 12. O-O Nc7 13. Be2 Ba6 14. Nb5 Nb6 15.
Qc2 Bxb5 16. axb5 Qd7 17. Bd2 Rxa3 18. bxa3 Ra8 19. Bc3 Bxc3 20. Qxc3 Ra4 21.
Qe3 Qe8 22. Ra1 Ra5 23. Ne5 dxe5 24. Qxc5 Nca8 25. Qc3 Ra4 26. Qxe5 Nd7 27. Qb2
Nab6 28. e5 Nxd5 29. e6 N7b6 30. Bd1 Ra5 31. a4 fxe6 32. Bg4 Nf6 33. Bxe6+ Kg7
34. Qb4 Ra8 35. a5 Qd8 36. Rb1 Nbd5 37. Bxd5 Nxd5 38. Qd4+ Nf6 39. Qxd8 Rxd8
40. b6 Nd7 41. Rd1 Kf7 42. b7 Rb8 43. Rxd7 Ke6 44. Rxe7+ Kxe7 45. a6 Kd7 46. a7
Rxb7 47. a8=Q Rc7 48. Kh2 Ke7 49. Kg3 Rd7 50. h4 Kf6 51. Qh8+ Kf5 52. Qc8 Ke6
53. Kf4 Kd5 1-0

[Event "Kvalifikacije za Sampionat 2015"]
[Site "Kragujevac"]
[Date "2015.03.13"]
[Round "7.4"]
[White "Markovic, Miroslav"]
[Black "Ristic, Nenad"]
[Result "1/2-1/2"]
[WhiteElo "2481"]
[BlackElo "2437"]
[PlyCount "120"]
[EventDate "2015.03.09"]

1. Nf3 Nf6 2. g3 g6 3. Bg2 Bg7 4. O-O O-O 5. d3 c5 6. e4 Nc6 7. Re1 d6 8. Nbd2
Rb8 9. a4 a6 10. c3 Bg4 11. h3 Bxf3 12. Nxf3 Nd7 13. h4 b5 14. axb5 axb5 15. h5
b4 16. d4 bxc3 17. bxc3 Qc7 18. Be3 Rfc8 19. Rc1 Na5 20. hxg6 hxg6 21. Bh3 Rd8
22. Ng5 Nc4 23. Qf3 Nf6 24. Ne6 Qc8 25. Ng5 Qb7 26. Bf4 e5 27. dxe5 dxe5 28.
Bf1 Qb3 29. Bxc4 Qxc4 30. Bxe5 Rd3 31. Qf4 Nh5 32. Qxf7+ Qxf7 33. Nxf7 Re8 34.
Bxg7 Kxg7 35. Ng5 Nxg3 36. Rb1 Re7 37. Rb6 Nh5 38. Ne6+ Kf7 39. Nxc5 Rxc3 40.
Nb7 Re5 41. Ra1 Kg7 42. Nd6 Re7 43. Ra8 Nf6 44. Ra4 Rd3 45. Rc6 Nh5 46. e5 Rxe5
47. Rg4 g5 48. Ne4 Rdd5 49. Rc4 Rf5 50. Rc7+ Kg6 51. Rc6+ Kg7 52. Nd6 Rf4 53.
Rxf4 Nxf4 54. Ne4 Re5 55. Nc5 Re2 56. Kf1 Ra2 57. Ke1 Kh7 58. f3 Rc2 59. Kd1
Rc4 60. Kd2 Ne6 1/2-1/2

[Event "Kvalifikacije za Sampionat 2015"]
[Site "Kragujevac"]
[Date "2015.03.13"]
[Round "7.5"]
[White "Stankovic, Ivan G"]
[Black "Abramovic, Bosko"]
[Result "0-1"]
[WhiteElo "2243"]
[BlackElo "2462"]
[PlyCount "82"]
[EventDate "2015.03.09"]

1. e4 c5 2. c4 Nc6 3. Nc3 g6 4. g3 Bg7 5. Bg2 d6 6. Nge2 e6 7. d3 Nge7 8. a3
O-O 9. O-O b6 10. Rb1 Bb7 11. b4 Qd7 12. Be3 Nd4 13. Qd2 f5 14. f4 Nec6 15. Bf2
Rab8 16. Nxd4 cxd4 17. Na2 e5 18. b5 Nd8 19. fxe5 dxe5 20. Qe2 Ne6 21. Nb4 fxe4
22. dxe4 Nc5 23. Nd5 Bh6 24. Rbd1 Bxd5 25. cxd5 Rbc8 26. Bf3 Qd6 27. Bg4 Rce8
28. Kg2 Kg7 29. h4 Rf7 30. h5 Ref8 31. hxg6 hxg6 32. Bg1 Rxf1 33. Rxf1 Rxf1 34.
Kxf1 Bc1 35. a4 Bg5 36. a5 bxa5 37. Qc4 Nxe4 38. Qc6 Qf6+ 39. Kg2 Be3 40. Qd7+
Kh6 41. Bf3 Ng5 0-1

[Event "Kvalifikacije za Sampionat 2015"]
[Site "Kragujevac"]
[Date "2015.03.13"]
[Round "7.6"]
[White "Jovanovic, Bojan P"]
[Black "Tosic, Miroslav"]
[Result "0-1"]
[WhiteElo "2261"]
[BlackElo "2413"]
[PlyCount "130"]
[EventDate "2015.03.09"]

1. d4 Nf6 2. c4 d6 3. Nf3 g6 4. Nc3 Bg7 5. e4 O-O 6. Be2 Nbd7 7. O-O e5 8. d5
Nc5 9. Qc2 a5 10. Ne1 Bd7 11. Rb1 Nfxe4 12. Nxe4 Nxe4 13. Be3 b6 14. Nd3 Nc5
15. Nxc5 bxc5 16. Bd3 f5 17. f4 Re8 18. fxe5 Bxe5 19. Rf3 Qf6 20. Qf2 Re7 21.
Kh1 Rae8 22. Qd2 Qf7 23. Bg5 Bf6 24. Bxf6 Qxf6 25. Qxa5 f4 26. Qd2 g5 27. Rff1
Qd4 28. Qc2 Bg4 29. Bxh7+ Kh8 30. Bg6 Re2 31. Qc3 Qxc3 32. bxc3 Ra8 33. Ra1 Kg7
34. Bd3 Rd2 35. Be4 Raxa2 36. Rxa2 Rxa2 37. h4 Re2 38. Bf3 Bxf3 39. Rxf3 Kg6
40. hxg5 Kxg5 41. Rh3 Re4 42. Rh7 Rxc4 43. Rxc7 Kf6 44. Rh7 Rxc3 45. Rh5 Rc1+
46. Kh2 Rd1 47. g4 fxg3+ 48. Kxg3 Kg6 49. Rh8 Rxd5 50. Kf4 Rd4+ 51. Ke3 Kf7 52.
Rb8 Ke6 53. Rb7 Kd5 54. Rb1 Rh4 55. Rd1+ Ke5 56. Rg1 Rh3+ 57. Kd2 c4 58. Rg4 d5
59. Rg5+ Kd4 60. Rg4+ Kc5 61. Rg5 c3+ 62. Kc2 Kc4 63. Rg8 Rh2+ 64. Kc1 d4 65.
Rg7 Rh1+ 0-1

[Event "Kvalifikacije za Sampionat 2015"]
[Site "Kragujevac"]
[Date "2015.03.13"]
[Round "7.7"]
[White "Petrovic, Dragan R"]
[Black "Radovanovic, Nikola"]
[Result "0-1"]
[WhiteElo "2180"]
[BlackElo "2399"]
[PlyCount "87"]
[EventDate "2015.03.09"]

1. e4 c5 2. Nf3 a6 3. c4 Nc6 4. d4 cxd4 5. Nxd4 Nf6 6. Nc3 d6 7. Be2 g6 8. Nc2
Bg7 9. O-O O-O 10. Be3 Be6 11. f3 Rc8 12. Na3 Nd7 13. Rc1 Na5 14. Na4 Nc5 15.
Nxc5 dxc5 16. Qxd8 Rfxd8 17. Rc2 b6 18. Nb1 Nc6 19. Nc3 Nd4 20. Bxd4 cxd4 21.
Nd5 Bxd5 22. exd5 Rxd5 23. Bd3 Ra5 24. b3 e6 25. f4 Bf8 26. Kf2 Ra3 27. Ke2 Bb4
28. Rf2 Kf8 29. Be4 Ke7 30. Kd3 a5 31. Rf3 f5 32. Bb7 Rc7 33. Ba6 a4 34. Ke2
Bc3 35. bxa4 Rxa4 36. Bb5 Ra3 37. Rh3 h5 38. Rg3 Kf7 39. Kd1 Rca7 40. c5 bxc5
41. Bc4 R7a4 42. Bb3 Rb4 43. Bxe6+ Kxe6 44. Rxg6+ 0-1

[Event "Kvalifikacije za Sampionat 2015"]
[Site "Kragujevac"]
[Date "2015.03.13"]
[Round "7.8"]
[White "Kovacevic, Aleksandar"]
[Black "Rabrenovic, Vladan"]
[Result "1/2-1/2"]
[WhiteElo "2517"]
[BlackElo "2373"]
[PlyCount "40"]
[EventDate "2015.03.09"]

1. e4 d6 2. d4 Nf6 3. Nc3 e5 4. Nf3 Nbd7 5. Bc4 Be7 6. O-O O-O 7. a4 c6 8. Re1
exd4 9. Nxd4 Ne5 10. Bb3 Re8 11. h3 Ng6 12. Be3 Bf8 13. Qf3 Qa5 14. Rad1 Bd7
15. g4 Ne5 16. Qg2 h6 17. Nf5 Qc7 18. f4 Ng6 19. Nd4 d5 20. e5 Nh7 1/2-1/2

[Event "Kvalifikacije za Sampionat 2015"]
[Site "Kragujevac"]
[Date "2015.03.13"]
[Round "7.9"]
[White "Zlatanovic, Boroljub"]
[Black "Jovanovic, Sasa T"]
[Result "1-0"]
[WhiteElo "2382"]
[BlackElo "2222"]
[PlyCount "35"]
[EventDate "2015.03.09"]

1. Nc3 c5 2. e4 a6 3. f4 b5 4. Qe2 Bb7 5. Nf3 Nc6 6. d3 Nd4 7. Qf2 Nxf3+ 8.
Qxf3 g6 9. g4 Bg7 10. f5 e6 11. h4 gxf5 12. gxf5 Qa5 13. Bd2 Bh6 14. Bxh6 Nxh6
15. fxe6 fxe6 16. Qf6 Nf7 17. Be2 Qd8 18. Qg7 1-0

[Event "Kvalifikacije za Sampionat 2015"]
[Site "Kragujevac"]
[Date "2015.03.13"]
[Round "7.10"]
[White "Stojanovic, Zlatko"]
[Black "Novoselski, Zoran"]
[Result "1/2-1/2"]
[WhiteElo "2218"]
[BlackElo "2365"]
[PlyCount "107"]
[EventDate "2015.03.09"]

1. e4 d6 2. d4 Nf6 3. Nc3 e5 4. Nf3 Nbd7 5. g3 Be7 6. Bg2 O-O 7. O-O Re8 8. Re1
Bf8 9. b3 c6 10. a4 b6 11. Ba3 Qc7 12. Qd2 a6 13. Rad1 Rb8 14. Nh4 b5 15. axb5
axb5 16. dxe5 dxe5 17. Bd6 Bxd6 18. Qxd6 Qxd6 19. Rxd6 Bb7 20. Nf5 Kf8 21. Rd2
Nc5 22. f3 Red8 23. Red1 Rxd2 24. Rxd2 g6 25. Ne3 Ke7 26. Kf2 Ra8 27. Bf1 h5
28. Ne2 Ra2 29. Ke1 Nh7 30. b4 Na6 31. c3 Ra1+ 32. Kf2 Bc8 33. c4 bxc4 34. Nxc4
f6 35. Rb2 Be6 36. Ne3 Ng5 37. Nc3 Nc7 38. h4 Nf7 39. b5 cxb5 40. Nxb5 Nxb5 41.
Bxb5 Nd6 42. Bf1 f5 43. exf5 gxf5 44. Rc2 Ra3 45. Be2 Ra4 46. Rc5 f4 47. gxf4
exf4 48. Nd5+ Bxd5 49. Rxd5 Ke6 50. Rxh5 Nf5 51. Bd3 Ng3 52. Rg5 Ra2+ 53. Kg1
Ra3 54. Be4 1/2-1/2

[Event "Kvalifikacije za Sampionat 2015"]
[Site "Kragujevac"]
[Date "2015.03.13"]
[Round "7.11"]
[White "Misailovic, Nebojsa"]
[Black "Sorgic, Dragan"]
[Result "0-1"]
[WhiteElo "2323"]
[BlackElo "2220"]
[PlyCount "126"]
[EventDate "2015.03.09"]

1. e4 e5 2. Bc4 Nf6 3. d3 Nc6 4. Nc3 Be7 5. Nf3 d6 6. a3 O-O 7. O-O h6 8. h3
Re8 9. Be3 Bf8 10. Nh2 Be6 11. Bxe6 Rxe6 12. Nd5 Ne7 13. c4 c6 14. Nxf6+ Rxf6
15. f4 exf4 16. Bd4 Re6 17. Rxf4 d5 18. exd5 cxd5 19. c5 Nc6 20. Bf2 a5 21. d4
a4 22. Qf3 Qd7 23. Rf1 Rae8 24. Bh4 f6 25. Qg4 Kh8 26. Nf3 Qc8 27. Qg6 R8e7 28.
Bf2 Qe8 29. Qf5 g5 30. Rg4 Qd7 31. Rg3 Bg7 32. Qd3 Na5 33. h4 Re4 34. hxg5 fxg5
35. Ne5 Bxe5 36. dxe5 Nc6 37. Rh3 Kg7 38. Rd1 R4xe5 39. Qc3 Kg6 40. Bg3 Rf5 41.
Qc2 Ne5 42. Rf1 Ng4 43. Qb1 Re4 44. Bd6 Rxf1+ 45. Qxf1 Qe6 46. Qf3 Qf5 47. Qf1
Qxf1+ 48. Kxf1 Ne3+ 49. Kf2 Nd1+ 50. Kf1 Nxb2 51. Rc3 Nc4 52. Kf2 Kf5 53. Rf3+
Ke6 54. Rh3 Rh4 55. Rxh4 gxh4 56. Bf8 h5 57. Kf3 Kf5 58. Be7 d4 59. Bf8 Ne5+
60. Ke2 Ke4 61. Bh6 Ng6 62. Bg5 Nf4+ 63. Kf1 d3 0-1

[Event "Kvalifikacije za Sampionat 2015"]
[Site "Kragujevac"]
[Date "2015.03.13"]
[Round "7.12"]
[White "Zivkovic, Nemanja"]
[Black "Ugrenovic, Bozidar"]
[Result "1/2-1/2"]
[WhiteElo "2310"]
[BlackElo "2194"]
[PlyCount "98"]
[EventDate "2015.03.09"]

1. e4 c5 2. Nf3 Nc6 3. Bb5 g6 4. Bxc6 dxc6 5. h3 Bg7 6. d3 Nh6 7. Nc3 b6 8. Be3
f6 9. a3 Nf7 10. O-O O-O 11. Rb1 a5 12. b4 cxb4 13. axb4 b5 14. bxa5 Qxa5 15.
Ra1 Qxa1 16. Qxa1 Rxa1 17. Rxa1 Bb7 18. Ra7 Nd6 19. e5 fxe5 20. Bg5 Ra8 21.
Rxa8+ Bxa8 22. Bxe7 Nf5 23. Bc5 h5 24. Ne4 Bb7 25. c3 Bc8 26. Bb6 Nh6 27. Bc7
Nf7 28. Kf1 Bf5 29. Ke2 Bxe4 30. dxe4 Kf8 31. c4 bxc4 32. Nd2 c3 33. Nc4 Ke7
34. Ba5 c2 35. Bb4+ Kf6 36. Kd2 c1=Q+ 37. Kxc1 Ng5 38. f3 Nf7 39. Kd1 Ke6 40.
Ke2 Bh6 41. Na5 Kd7 42. Nb3 Ke8 43. Kd3 Nd8 44. Kc4 Ne6 45. Nc5 Nxc5 46. Bxc5
Kd7 47. Bb4 Be3 48. Be1 Kd6 49. Bg3 Ke6 1/2-1/2

[Event "Kvalifikacije za Sampionat 2015"]
[Site "Kragujevac"]
[Date "2015.03.13"]
[Round "7.13"]
[White "Cvetkovic, Srdjan"]
[Black "Pecinar, Zoran"]
[Result "1-0"]
[WhiteElo "2296"]
[BlackElo "2169"]
[Annotator ",Micko"]
[PlyCount "23"]
[EventDate "2015.03.09"]

1. c4 Nf6 2. Nc3 g6 3. g3 Bg7 4. Bg2 d6 5. e3 O-O 6. d4 e5 7. Nge2 Nc6 8. O-O
Re8 9. dxe5 dxe5 10. b3 Nd7 11. Bb2 Nc5 12. b4 {...} 1-0

[Event "Kvalifikacije za Sampionat 2015"]
[Site "Kragujevac"]
[Date "2015.03.13"]
[Round "7.14"]
[White "Ilic, Zoran S"]
[Black "Radosavljevic, Slobodan D"]
[Result "1-0"]
[WhiteElo "2295"]
[BlackElo "2156"]
[PlyCount "68"]
[EventDate "2015.03.09"]

1. d4 c5 2. d5 Nf6 3. c4 b5 4. cxb5 a6 5. bxa6 g6 6. Nc3 Bxa6 7. g3 d6 8. Bg2
Bg7 9. Nf3 Nbd7 10. Rb1 Nb6 11. b3 Bb7 12. Nh4 O-O 13. O-O Ne8 14. Qc2 Nc7 15.
e4 e6 16. dxe6 Nxe6 17. Ne2 Re8 18. Rd1 Qe7 19. b4 Nd4 20. Nxd4 cxd4 21. Bf4
Rec8 22. Qd2 Na4 23. Re1 Nc3 24. Ra1 Ra3 25. Bh6 Bf6 26. Nf3 Nxe4 27. Qf4 d3
28. Rad1 d5 29. g4 Qd8 30. Nd2 Nc3 31. Re8+ Qxe8 32. Qxf6 Qf8 33. Bxf8 Kxf8 34.
Re1 Ne2+ 1-0

[Event "Kvalifikacije za Sampionat 2015"]
[Site "Kragujevac"]
[Date "2015.03.13"]
[Round "7.15"]
[White "Stojanovic, Andjelija"]
[Black "Knezevic, Veljko"]
[Result "1-0"]
[WhiteElo "2284"]
[BlackElo "2015"]
[PlyCount "69"]
[EventDate "2015.03.09"]

1. c4 Nf6 2. Nf3 e6 3. g3 d5 4. b3 Be7 5. Bg2 O-O 6. O-O b6 7. Bb2 Bb7 8. cxd5
exd5 9. d4 Nbd7 10. Nc3 Ne4 11. Qc2 f5 12. e3 Rc8 13. Rac1 a6 14. Ne2 Qe8 15.
Ne5 Bd6 16. Nxd7 Qxd7 17. f3 Nf6 18. Nf4 Rce8 19. Rfe1 g5 20. Nd3 g4 21. Ne5
Qg7 22. Qxf5 gxf3 23. Qxf3 Bxe5 24. dxe5 Ng4 25. e6 Qg5 26. h4 Qg6 27. Qd1 c5
28. Bxd5 Bxd5 29. Qxd5 Rf5 30. Qd7 Rf3 31. Qc7 Nxe3 32. Be5 Nd5 33. Qd6 Ne3 34.
e7 Qe4 35. Re2 1-0

[Event "Kvalifikacije za Sampionat 2015"]
[Site "Kragujevac"]
[Date "2015.03.13"]
[Round "7.16"]
[White "Colovic, Zoran"]
[Black "Rajkovic, Mladen"]
[Result "0-1"]
[WhiteElo "2066"]
[BlackElo "2266"]
[PlyCount "96"]
[EventDate "2015.03.09"]

1. e4 e5 2. Nf3 Nc6 3. Bc4 Bc5 4. c3 Nf6 5. d4 exd4 6. e5 d5 7. Bb5 Ne4 8. Nxd4
O-O 9. Bxc6 bxc6 10. Be3 Qe8 11. f3 Nd6 12. O-O Qxe5 13. Re1 Qf6 14. Nd2 Bb6
15. a4 Nf5 16. Nxf5 Bxf5 17. Nb3 Rfe8 18. Bc5 Qh4 19. a5 Bc2 20. Qd2 Rxe1+ 21.
Rxe1 Bxb3 22. axb6 cxb6 23. Bd4 c5 24. Bf2 Qf6 25. Bg3 h6 26. Qe3 a5 27. Bc7 a4
28. h3 Qc6 29. Bg3 Rd8 30. Qe7 Rc8 31. Bf2 Bc4 32. Qa7 Ra8 33. Qe7 Bd3 34. Re5
Bb5 35. Qh4 Bc4 36. Bg3 Qf6 37. Qxf6 gxf6 38. Rf5 a3 39. bxa3 Rxa3 40. Rxf6
Rxc3 41. Rxh6 Rc1+ 42. Kh2 b5 43. Be5 f5 44. Rc6 Bd3 45. Rc7 b4 46. h4 b3 47.
f4 Be2 48. Kg3 Bg4 0-1

[Event "Kvalifikacije za Sampionat 2015"]
[Site "Kragujevac"]
[Date "2015.03.13"]
[Round "7.17"]
[White "Jokic, Miodrag"]
[Black "Rancic, Zoran"]
[Result "0-1"]
[WhiteElo "2100"]
[BlackElo "2224"]
[PlyCount "92"]
[EventDate "2015.03.09"]

1. d4 Nf6 2. c4 e6 3. Nf3 b6 4. e3 Bb7 5. Bd3 d5 6. O-O c5 7. Qe2 Nc6 8. dxc5
Bxc5 9. a3 O-O 10. b4 dxc4 11. Bxc4 Bd6 12. Bb2 Qe7 13. e4 Nd7 14. e5 Bc7 15.
Nbd2 Rfc8 16. Rac1 Nf8 17. Ba6 Bxa6 18. Qxa6 Qd7 19. Rfd1 Ne7 20. Nc4 Qe8 21.
Nd4 Nfg6 22. Nb5 Nf4 23. Nbd6 Bxd6 24. Nxd6 Qf8 25. Nxc8 Nxc8 26. Qc4 Nd5 27.
Qe4 Qd8 28. f4 Nce7 29. Rd3 Rc8 30. Rdd1 h5 31. Rxc8 Qxc8 32. Rc1 Qd7 33. g3
Nf5 34. Qd3 Qb7 35. Re1 Qc6 36. Re4 b5 37. Kf2 Nb6 38. h3 Nc4 39. Bc3 Nxa3 40.
g4 Ne7 41. Bd4 Qc1 42. Bc5 Nd5 43. Be3 Qh1 44. Kg3 Nc4 45. Bf2 Nd2 46. Re1 h4+
0-1

[Event "Kvalifikacije za Sampionat 2015"]
[Site "Kragujevac"]
[Date "2015.03.13"]
[Round "7.18"]
[White "Bozilov, Dragan"]
[Black "Zivanovic, Nenad"]
[Result "0-1"]
[WhiteElo "1979"]
[BlackElo "2136"]
[Annotator ",Micko"]
[PlyCount "33"]
[EventDate "2015.03.09"]

1. d4 Nf6 2. c4 e6 3. Nc3 Bb4 4. e3 O-O 5. Bd3 d5 6. Nf3 c5 7. a3 Bxc3+ 8. bxc3
Qc7 9. Qc2 Nbd7 10. cxd5 exd5 11. O-O c4 12. Bf5 g6 13. Bh3 Ne4 14. Nd2 f5 15.
a4 Ndf6 16. g3 Be6 17. Rd1 {...} 0-1

[Event "Kvalifikacije za Sampionat 2015"]
[Site "Kragujevac"]
[Date "2015.03.13"]
[Round "7.19"]
[White "Milosevic, Rade"]
[Black "Simic, Petar S"]
[Result "1/2-1/2"]
[WhiteElo "2095"]
[BlackElo "1904"]
[PlyCount "80"]
[EventDate "2015.03.09"]

1. Nf3 c5 2. c4 Nc6 3. d4 cxd4 4. Nxd4 Nf6 5. Nc3 e6 6. a3 Be7 7. e3 O-O 8. Be2
d5 9. O-O e5 10. Nxc6 bxc6 11. cxd5 cxd5 12. Bf3 Be6 13. g3 Rc8 14. Ne2 Qb6 15.
b4 a5 16. bxa5 Qa6 17. Bd2 e4 18. Bg2 Bg4 19. f3 exf3 20. Bxf3 Bxf3 21. Rxf3
Bc5 22. Bb4 Rfe8 23. Nd4 Ng4 24. Nc2 Ba7 25. Qxd5 Qg6 26. Ra2 Rcd8 27. Qf5 Nxe3
28. Nxe3 Rxe3 29. Kg2 Rxf3 30. Qxf3 Re8 31. Re2 Rxe2+ 32. Qxe2 h6 33. h4 Qc6+
34. Qf3 Qc2+ 35. Kh3 Qc8+ 36. Kh2 Bb8 37. Qe4 Qc7 38. Qe8+ Kh7 39. Qe3 Ba7 40.
Qd3+ Kg8 1/2-1/2

[Event "Kvalifikacije za Sampionat 2015"]
[Site "Kragujevac"]
[Date "2015.03.13"]
[Round "7.21"]
[White "Crnkovic, Predrag"]
[Black "Irizanin, Radoje"]
[Result "0-1"]
[WhiteElo "1881"]
[BlackElo "2295"]
[PlyCount "86"]
[EventDate "2015.03.09"]

1. c4 e6 2. Nc3 d5 3. d4 c6 4. e4 dxe4 5. Nxe4 Bb4+ 6. Bd2 Qxd4 7. Bxb4 Qxe4+
8. Ne2 Na6 9. Bf8 Ne7 10. Bxg7 Rg8 11. Qd4 Qxd4 12. Bxd4 c5 13. Bf6 Nb4 14. Kd2
b6 15. a3 Nbc6 16. Rd1 Rg6 17. Bc3 e5 18. g3 Bg4 19. Bg2 Rd8+ 20. Ke1 Rxd1+ 21.
Kxd1 Rd6+ 22. Ke1 Nd4 23. Bxd4 cxd4 24. Kd2 Nc6 25. b4 Nd8 26. f4 f6 27. h3 Bd7
28. Be4 Bc6 29. Bxc6+ Rxc6 30. Re1 Kd7 31. Kd3 Nf7 32. Rf1 Ke7 33. Re1 Rc8 34.
Rc1 Ke6 35. g4 Nd6 36. a4 h6 37. f5+ Kd7 38. Ng3 a5 39. c5 axb4 40. Nh5 Ne8 41.
c6+ Rxc6 42. Rb1 Rc3+ 43. Kd2 b3 0-1

[Event "Kvalifikacije za Sampionat 2015"]
[Site "Kragujevac"]
[Date "2015.03.13"]
[Round "7.22"]
[White "Ratkovic, Petar"]
[Black "Dodic, Dragan"]
[Result "1/2-1/2"]
[WhiteElo "1816"]
[BlackElo "2060"]
[PlyCount "34"]
[EventDate "2015.03.09"]

1. d4 d5 2. c4 c6 3. Nc3 Nf6 4. Nf3 a6 5. a4 e6 6. Bf4 Bb4 7. e3 Ne4 8. Qc2 O-O
9. Bd3 f5 10. O-O a5 11. h3 Bd6 12. Bxd6 Qxd6 13. Ne5 Nd7 14. f4 Nxc3 15. bxc3
Nxe5 16. fxe5 Qe7 17. c5 Bd7 1/2-1/2

[Event "Kvalifikacije za Sampionat 2015"]
[Site "Kragujevac"]
[Date "2015.03.13"]
[Round "7.23"]
[White "Trpkovic, Miroljub"]
[Black "Pavlasevic, Dragisa"]
[Result "0-1"]
[WhiteElo "1940"]
[BlackElo "1751"]
[PlyCount "72"]
[EventDate "2015.03.09"]

1. e4 e6 2. d4 d5 3. exd5 exd5 4. Nf3 Be6 5. Be2 Bd6 6. O-O h6 7. c3 Nd7 8. Re1
c6 9. Bd3 Ne7 10. Nh4 Qc7 11. h3 O-O-O 12. Ng6 Nxg6 13. Bxg6 Rde8 14. Bh5 Nf6
15. Bf3 g5 16. Be3 Rhg8 17. Be2 Qd7 18. Bf1 h5 19. Nd2 h4 20. f3 Nh5 21. c4 f5
22. cxd5 cxd5 23. Qe2 g4 24. hxg4 fxg4 25. f4 h3 26. gxh3 gxh3+ 27. Kh2 Nxf4
28. Bxf4 Bxf4+ 29. Kh1 Rg2 30. Bxg2 hxg2+ 31. Kg1 Rh8 32. Kf2 Bg4 33. Nf3 Rh3
34. Qc2+ Kd8 35. Ng1 Bg3+ 36. Kxg2 Rh2+ 0-1

[Event "Kvalifikacije za Sampionat 2015"]
[Site "Kragujevac"]
[Date "2015.03.13"]
[Round "7.24"]
[White "Stojanovic, Vladimir M"]
[Black "Gajic, Aleksa"]
[Result "0-1"]
[WhiteElo "1911"]
[BlackElo "1795"]
[PlyCount "84"]
[EventDate "2015.03.09"]

1. d4 Nf6 2. Nf3 g6 3. c4 Bg7 4. Nc3 d5 5. e3 O-O 6. Qb3 dxc4 7. Bxc4 Nc6 8.
Be2 Be6 9. Qd1 Nb4 10. Bd2 Nbd5 11. O-O Nxc3 12. bxc3 Ne4 13. Be1 c5 14. Rb1
cxd4 15. cxd4 Bxa2 16. Rxb7 Bd5 17. Rb5 a5 18. Qa1 a4 19. Qa3 Qd7 20. Rb2 Rfb8
21. Rxb8+ Rxb8 22. Bb4 e6 23. Rc1 Qb7 24. Be7 Qb3 25. Bd1 Qxa3 26. Bxa3 Bb3 27.
Bc2 Bxc2 28. Rxc2 Bf8 29. Bc1 Rb1 30. Ne5 Nd2 31. Rc8 Nb3 32. Nd3 Kg7 33. Kf1
Ba3 34. Ke2 Bxc1 35. Nxc1 Rxc1 36. Rxc1 Nxc1+ 37. Kd2 Na2 38. f4 Nb4 39. e4 a3
40. Kc3 a2 41. Kb2 Kf6 42. g3 h5 0-1

[Event "Kvalifikacije za Sampionat 2015"]
[Site "Kragujevac"]
[Date "2015.03.13"]
[Round "7.25"]
[White "Djuricic, Dejan"]
[Black "Zivkovic, Vladisa"]
[Result "1/2-1/2"]
[WhiteElo "2019"]
[BlackElo "1787"]
[Annotator ",Micko"]
[PlyCount "76"]
[EventDate "2015.03.09"]

1. e4 e5 2. Nf3 Nc6 3. Bb5 a6 4. Ba4 Nf6 5. O-O b5 6. Bb3 Be7 7. Re1 O-O 8. h3
d6 9. c3 Bb7 10. d4 a5 11. Nbd2 b4 12. Nf1 Re8 13. Ng3 Bf8 14. d5 Ne7 15. cxb4
axb4 16. Bg5 c6 17. Bxf6 gxf6 18. dxc6 Bxc6 19. Qd2 Rb8 20. Red1 Qb6 21. Nh4
Ng6 22. Nhf5 Rbd8 23. Nh5 Re6 24. Bxe6 fxe6 25. Nh6+ Bxh6 26. Qxh6 Qc7 27.
Nxf6+ Kh8 28. Nh5 Qf7 29. Rd2 Rf8 30. Qe3 d5 31. Qc5 Ba8 32. Ng3 dxe4 33. Nxe4
Qf4 34. Re2 Nh4 35. Qe3 Rg8 36. Ng3 Nxg2 37. Qxe5+ Qxe5 38. Rxe5 Bd5 {..}
1/2-1/2

[Event "Kvalifikacije za Sampionat 2015"]
[Site "Kragujevac"]
[Date "2015.03.13"]
[Round "7.26"]
[White "Filipovic, Tomislav S"]
[Black "Kokic, Miljko"]
[Result "1-0"]
[WhiteElo "1801"]
[BlackElo "1536"]
[PlyCount "63"]
[EventDate "2015.03.09"]

1. c4 Nf6 2. Nc3 e6 3. e3 Nc6 4. d4 Bb4 5. Bd2 Bxc3 6. Bxc3 d5 7. Nf3 O-O 8.
Bd3 dxc4 9. Bxc4 Ne4 10. O-O Nxc3 11. bxc3 Qf6 12. Be2 Rd8 13. Nd2 e5 14. Bf3
exd4 15. cxd4 Rb8 16. Qc1 Qg6 17. Kh1 Bg4 18. Qc3 Rd6 19. Be4 Bf5 20. Bxf5 Qxf5
21. e4 Qh5 22. d5 Qe5 23. Rac1 Qxc3 24. Rxc3 Nb4 25. Rxc7 f5 26. f3 g6 27. Nc4
Ra6 28. a3 Nc2 29. e5 b5 30. d6 bxc4 31. d7 Rxa3 32. Rc8+ 1-0